Organizácia Spojených národov a dekolonizácia Prehľad práce Osobitného výboru dvadsiatich štyroch

Bibliographic Details
Format: Book
Language:Slovak
PhysicalDescription:77 s. 21 cm
Published: Praha Informačné ústredie organizácie Spojených národov [1967]
Subjects:

MARC

LEADER 00000nam a2200000 a 4500
001 vtls008482407
003 SK-MaSNL
005 20260301021415.0
008 210928s1967 xr gr 000 m slo
040 |a SNK  |b slo  |c SNK  |e AACR2 
041 1 |a slo 
044 |a xr  |c CZ 
072 7 |a 341  |x Medzinárodné právo  |2 konspekt 
072 7 |a 325  |x Medzinárodná migrácia, exil, kolonizácia  |2 konspekt 
080 |a 341.123:325.8  |2 2001 
080 |a 325.8  |2 2001 
245 1 0 |a Organizácia Spojených národov a dekolonizácia  |b Prehľad práce Osobitného výboru dvadsiatich štyroch 
260 |a Praha  |b Informačné ústredie organizácie Spojených národov  |c [1967] 
300 |a 77 s.  |c 21 cm 
610 2 7 |a Organizácia spojených národov  |2 SNKKA  |9 84034 
650 0 7 |a medzinárodná migrácia  |2 SNKPH  |9 3786 
958 |a OND 
999 |c 565276  |d 567206 
952 |a SNK  |b SNK  |y VYP  |7 0  |p 17A1028844  |o snkSD 41439 D1  |i snk2014/10407  |8 1  |0 0  |1 0  |4 0  |d 2014-04-29  |l 0  |r 2026-02-23 13:55:48  |w 2026-02-23